Statistics for Costa Rican soccer players scoring during the World Cup

Click here to take the quiz!

General Stats

  • This quiz has been taken 66 times
    (26 since last reset)
  • The average score is 5 of 13

Answer Stats

Goals Year(s) Player % Correct
22014Bryan Ruiz
88%
12014Joel Campbell
79%
32002, 2006Paulo Wanchope
71%
32002, 2006Rónald Gómez
46%
12014Marco Urena
38%
11990Ronald Gonzalez
25%
12002Winston Parks
25%
12018Kendall Waston
25%
11990Juan Cayasso
21%
12014Oscar Duarte
21%
11990Hernan Medford
21%
11990Roger Flores
13%
12002Mauricio Wright
4%

Score Distribution

Percentile by Number Answered

Percent of People with Each Score

Your Score History

You have not taken this quiz since the last reset